Bilecik Bilecik Bilecik Bilecik Bilecik

İnsan, kimlik, mekan bağlamında Zonguldak sempozyumu bildirileri, 16-18 Ekim 2014 / (Record no. 58504)

MARC details
000 -BAŞLIK
Sabit Uzunluktaki Kontrol Alanı 01127nam a22003137a 4500
001 - KONTROL NUMARASI
Control Dosyası 0058700
003 - KONTROL NUMARASI KİMLİĞİ
Kontrol Alanı KOHA_MİRAKIL
005 - EN SON İŞLEM TARİHİ ve ZAMANI
Kontrol Alanı 20260207004202.0
007 - FİZİKSEL TANIM SABİT ALAN - GENEL BİLGİ
Sabit uzunluklu kontrol alanı ta
008 - SABİT UZUNLUKTAKİ VERİ ÖGELERİ - GENEL BİLGİ
Sabit Alan 160629b2016 tu |||gro|||#1|||0|tur |
020 ## - ISBN - ULUSLARARASI STANDART KİTAP NUMARASI
Isbn 9786059678025
040 ## - KATALOGLAMA KAYNAĞI
Özgün Kataloglama Kurumu TR-BiSEU
Kataloglama Dili tur
Çeviri Kurumu TR-BiSEU
Açıklama Kuralları rda
041 0# - DİL KODU
Metin ya da ses kaydının dil kodu tur
044 ## - YAYINLAYAN/ÜRETEN KURULUŞUN ÜLKE KODU
ISO country code tu
050 ## - SINIFLAMA ve YER NUMARASI
Sınıflama Numarası DS51.Z66
Yer Numarası I57 2016
111 2# - TOPLANTI ADI
Toplantı Adı İnsan, Kimlik, Mekan Bağlamında Zonguldak Sempozyumu (2016 : Zonguldak)
9 (RLIN) 108577
245 1# - ESER ADI BİLDİRİMİ
Başlık İnsan, kimlik, mekan bağlamında Zonguldak sempozyumu bildirileri, 16-18 Ekim 2014 /
Sorumluluk Bildirimi Editörler Ahmet Efiloğlu, Nurettin Hatunoğlu, Hasan Özer, Tayyar Gürdal, Hasan Sankır.
264 #1 - ÜRERİM, YAYIN, DAĞITIM ve TELİF BİLDİRİMİ
Yayın yeri Zonguldak :
Yayınlayan Bülent Ecevit Üniversitesi
Yayın tarihi 2016
300 ## - FİZİKSEL TANIMLAMA
Sayfa, Cilt vb. 706 sayfa ;
Boyutları 30 cm
336 ## - İÇERİK TÜRÜ
Content type term metin
Content type code txt
Source rdacontent
337 ## - MEDYA TÜRÜ
Media type term aracısız
Media type code n
Source rdamedia
338 ## - TAŞIYICI TÜRÜ
Carrier type term cilt
Carrier type code nc
Source rdacarrier
490 1# - DİZİ BİLDİRİMİ
Dizi Bildirimi Bülent Ecevit Üniversitesi yayınları no ;
Cilt Numarası 11
500 ## - GENEL NOT
Genel Not Kaynakça var.
650 #0 - KONU BAŞLIĞI EK GİRİŞ - KONU TERİMİ
Konusal terim veya coğrafi ad Zonguldak--Sempozyum.
9 (RLIN) 108578
830 1# - SERİ EK GİRİŞİ - TEKBİÇİM ESER ADI
Tekbiçim Başlık Bülent Ecevit Üniversitesi yayınları no ;
Volume number/sequential designation 11
9 (RLIN) 86887
907 ## - LOCAL DATA ELEMENT G, LDG (RLIN)
a Sempozyum
942 ## - EK GİRİŞ ÖGELERİ (KOHA)
Source of classification or shelving scheme Library of Congress Classification
Koha item type Book
Holdings
Materyal Türü Kalıcı Konum Mevcut Konum Raf Yeri Sınıflandırma Kaynağı Edinim Bilgisi Ana Konular Alt Konular Yer Numarası Demirbaş Numarası Fatura Tarihi Geri Çekilme Durumu Kayıp Durumu Hasarlı Durumu Kredi için değil Kayıt Tarih Toplam Ödünçverme Son Görülme Tarihi Son Kontrol Tarihi Genel / Bağış Notu
Book Prof. Dr. Azmi Özcan Kütüphanesi Prof. Dr. Azmi Özcan Kütüphanesi Uluğbey Salonu Library of Congress Classification Bağış DÜNYA TARİHİ (AVRUPA, ASYA, AFRİKA VB.) Asya DS51.Z66 I57 2016 0058700 02/02/2026         29/06/2016   05/12/2024 05/12/2024 Genel Bağış